Исследования сотрудников кафедры гидрогеологии, инженерной геологии и гидрогеоэкологии ТПУ в бассейне р. Томи, включая Кузбасс; Проблемы геологии и освоения недр; Т. 1

Bibliografiske detaljer
Parent link:Проблемы геологии и освоения недр: труды XIV Международного симпозиума имени академика М. А. Усова студентов и молодых ученых, посвященного 65-летию Победы советского народа над фашистской Германией в Великой Отечественной войне 1941-1945 гг., 5-9 апреля 2010 г. г. Томск/ Томский политехнический университет (ТПУ), Институт геологии и нефтегазового дела (ИГНД) ; под ред. В. А. Домаренко.— , 2010.— 978-5-98298-729-7
Т. 1.— 2010.— С. 238-239
Hovedforfatter: Рассказов Н. М. Николай Михайлович
Sprog:russisk
Udgivet: 2010
Fag:
Format: MixedMaterials Book Chapter
KOHA link:https://koha.lib.tpu.ru/cgi-bin/koha/opac-detail.pl?biblionumber=191987

MARC

LEADER 00000naa2a2200000 4500
001 191987
005 20260114093958.0
035 |a (RuTPU)RU\TPU\book\209352 
090 |a 191987 
100 |a 20110215d2010 k y0rusy50 ca 
101 0 |a rus 
102 |a RU 
200 1 |a Исследования сотрудников кафедры гидрогеологии, инженерной геологии и гидрогеоэкологии ТПУ в бассейне р. Томи, включая Кузбасс  |f Н. М. Рассказов 
461 1 |0 (RuTPU)RU\TPU\book\205901  |y 978-5-98298-729-7  |t Проблемы геологии и освоения недр  |o труды XIV Международного симпозиума имени академика М. А. Усова студентов и молодых ученых, посвященного 65-летию Победы советского народа над фашистской Германией в Великой Отечественной войне 1941-1945 гг., 5-9 апреля 2010 г. г. Томск  |o в 2 т.  |f Томский политехнический университет (ТПУ), Институт геологии и нефтегазового дела (ИГНД) ; под ред. В. А. Домаренко  |d 2010 
463 1 |0 (RuTPU)RU\TPU\book\205106  |y 978-5-98298-730-3  |t Т. 1  |v С. 238-239  |d 2010 
610 1 |a гидрогеология 
610 1 |a гидрогеоэкология 
610 1 |a кафедры 
610 1 |a исследование 
610 1 |a бассейны рек 
610 1 |a Томь 
610 1 |a труды учёных ТПУ 
700 1 |a Рассказов  |b Н. М.  |c геолог  |c профессор Томского политехнического университета, доктор геолого-минералогических наук  |f 1932-  |g Николай Михайлович  |3 (RuTPU)RU\TPU\pers\22123 
801 1 |a RU  |b 63413507  |c 20110215 
801 2 |a RU  |b 63413507  |c 20140122  |g RCR 
942 |c BK